| 000 | 00000nam##2200000za#4500 |
| 001 | 9.700333 |
| 003 | CaOODSP |
| 005 | 20241203113638 |
| 007 | cr ||||||||||| |
| 008 | 150407|2015||||xxc|||||o f|0| 0 eng|d |
| 020 | |a978-1-100-25678-8 |
| 040 | |aCaOODSP|beng |
| 043 | |an-cn--- |
| 086 | 1 |aEn14-217/2015E-PDF |
| 110 | 1 |aCanada. |bEnvironment Canada. |
| 245 | 10|aCanada's first black carbon inventory, 2013 / |h[electronic resource]|c[by] Pollutant Inventories and Reporting Division. |
| 260 | |aOttawa - Ontario : |bEnvironment Canada |cFebruary 2015. |
| 300 | |a18p.|bfigs., references, tables, photographs |
| 590 | |a15-12|b2015-03-20 |
| 690 | 07|aPollutants|2gcpds |
| 775 | 08|tPremier inventaire de carbone noir du Canada, 2013 / |w(CaOODSP)9.644231 |
| 856 | 40|ahttp://publications.gc.ca|qPDF|s2934 KB|uhttps://publications.gc.ca/collections/collection_2015/ec/En14-217-2015-eng.pdf |